| 000 | 00453nam a2200109Ia 4500 | ||
|---|---|---|---|
| 008 | 171212s9999 xx 000 0 und d | ||
| 100 | _aNolte, Ellen;Roland, Martin;Guthrie, Susan;Brereton, Laura | ||
| 245 |
_cNolte, Ellen;Roland, Martin;Guthrie, Susan;Brereton, Laura _aPreventing emergency readmissions to hospital _bA scoping review |
||
| 260 |
_bRAND Corporation _c2012 |
||
| 650 | _aHealth Sciences | ||
| 856 | _uwww.jstor.org/stable/10.7249/j.ctt3fh1t4 | ||
| 999 |
_c352430 _d352430 |
||